000 00627nam a2200181Ia 4500
008 100920s9999 xx 000 0 und d
082 _b61287
_a375 थ 89
100 _aमोघे मनोहर मो.
245 _aसंवादातून विज्ञान : 2.
260 _bअनिरुध्द साहित्य, पुणे.
_c1989
300 _a91
_bसाधी
365 _b18
520 _aशालो.
630 _aसंवादातून विज्ञान : 2.
650 _aशालो.
730 _aसंवादातून विज्ञान : 2.
942 _cBOOK
999 _c704511
_d704508